000 00577nam a22001937a 4500
005 20100810102622.0
010 _aENG-99106
020 _c50.00
035 _aEN-82638
037 _bDBAD/PUB
082 _a883
100 _aBeg, H.Wasim
_913331
245 _aFall of virtue/
_cby H.Wasim Beg
260 _aAgra
270 _a18/128 Nazeer Park ,Taj Gang
_bAgra
_e282001
300 _aE,98p.
_c18cm (pbk)
942 _2ddc
_cEN
_h883
_mBEG
999 _c40502
_d40502